| 000 | 00901nam0a2200289 4500 | ||
|---|---|---|---|
| 001 | RU\NLR\bibl\43743 | ||
| 005 | 20250616081546.0 | ||
| 010 |
_a985-05-0080-8 _93000 |
||
| 021 |
_aRU _b99-406с _919с |
||
| 035 | _a(NLR Aleph) 000042655 | ||
| 090 |
_a224080 _c224080 |
||
| 100 | _a19990818d1999 |||y0rusy50 ca | ||
| 101 | 0 | _abel | |
| 102 | _aRU | ||
| 105 | _aa ||||||||| | ||
| 200 | 1 |
_aДобрая фея _eАпавяданнi, казкi _e[Для мл. шк. ўзросту] _fЛiдзiя Арабей |
|
| 210 |
_aМн. _cЮнацтва _d1999 |
||
| 215 |
_a95 с. _cил. _d20 |
||
| 686 | _aШ9(2)60=Бел7-4 | ||
| 700 | 1 |
_aАрабей _bЛ. Л. _gЛiдзiя Львоўна _4070 |
|
| 801 | 0 |
_aRU _bNLR _c19990818 _gPSBO |
|
| 801 | 1 |
_aRU _bNLR _c19990818 |
|
| 852 |
_aNLR _j99-4/5460 |
||
| 942 | _cBOOK | ||
| 980 | _aNB | ||